000
00311nam a22001217a 4500
041
_a
ENG
100
_a
Swaify.S.A
245
_a
Muitiple Objective Decision Making For Land ,Water ,And Environmental Management
260
_a
Londan
_b
Lewis Pub
_c
1998
300
_a
743
650
_a
SWCE
856
_u
SWCE ( 43 )
999
_c
1940
_d
1940